[Event "FIDE Chesscom Grand Swiss 2021"]
[Site "Riga"]
[Date "2021.11.01"]
[Round "6.30"]
[White "Onyshchuk, Volodymyr"]
[Black "Erigaisi Arjun"]
[Result "1-0"]
[WhiteElo "2622"]
[BlackElo "2634"]
[Annotator "TA"]
[PlyCount "191"]
[EventDate "2021.10.27"]
[EventType "swiss"]
[EventCountry "LAT"]
[Tiebreak "Cut1 Buchholz+Sonneborn-Berger (Swiss)"]
[SourceTitle "playchess.com"]
[Source "ChessBase"]
[SourceQuality "1"]

{[%evp 12,191,0,0,6,0,0,0,0,0,0,0,0,-35,16,0,0,0,0,0,0,0,0,-3,28,23,40,29,15,
22,16,16,30,8,28,28,34,10,26,18,17,14,35,0,10,0,5,15,39,39,91,39,39,39,39,39,
39,39,39,0,39,39,36,6,13,8,65,33,70,7,12,4,12,4,12,12,12,12,137,12,12,12,12,0,
12,0,12,0,0,0,0,0,0,0,0,0,8,8,8,8,134,99,115,122,104,0,0,0,105,105,105,104,133,
109,132,108,166,166,159,154,173,133,133,136,124,110,179,105,102,93,95,82,111,
110,119,117,93,0,76,47,51,41,76,76,162,179,460,328,866,856,832,758,948,906,857,
784,1161,1429,1272,1201,1141,1108,1059,1027,958,977,820,731,1024,1050,3274,
2486,1397,5089,3154,2339,1927,1020,4779,3758,1933,1821]} 1. Nf3 c5 2. g3 g6 3.
Bg2 Bg7 4. d4 cxd4 5. Nxd4 Nc6 6. Nb3 Nf6 7. Nc3 d6 {A04: Unusual lines after
1 Nf3 and King's Indian Attack.} 8. h3 O-O 9. e4 Be6 {The position is equal.}
10. Nd5 $1 {[%mdl 4] outshines the older 10.0-0.} b5 11. O-O a5 {[#]} 12. c3
$146 ({Predecessor:} 12. a4 bxa4 13. Rxa4 Nd7 14. Be3 Qb8 15. c3 Rc8 16. Qc2
Nb4 17. Rxb4 axb4 18. Nxe7+ {1-0 (37) Ivanov,A (2657)-Vigorito,D (2322)
Manchester 1994}) 12... Nd7 ({Black should play} 12... a4 $15 13. Nxf6+ Bxf6)
13. Nd4 Bxd5 14. exd5 Nxd4 15. cxd4 Qb6 16. Be3 Rfc8 17. Qd2 b4 18. Rfc1 Nf6
19. Rxc8+ Rxc8 20. Rc1 Rxc1+ 21. Qxc1 Nd7 22. Qc4 Nf8 23. Kf1 f5 24. Ke2 Kf7
25. Kd3 h5 26. Bf3 Nd7 27. g4 hxg4 28. hxg4 Nf6 29. g5 Nd7 30. Bd1 Qb8 (30...
Qa7 $14) 31. Qc6 (31. f4 $16) 31... Nb6 $1 $14 32. f4 Qa7 33. Qb5 Qc7 34. Bb3
Qa7 35. Bd1 Qc7 36. Be2 Qa7 37. Qc6 a4 38. Kd2 Qa5 (38... a3 $11 39. Bb5 Nd7 $1
40. bxa3 (40. Qxd7 $2 Qxd7 41. Bxd7 b3 $19 {[%mdl 64] Promotion}) 40... Bxd4
41. Qxd7 Bxe3+ 42. Ke2 Qxd7 43. Bxd7 b3 44. axb3 (44. Kxe3 $2 bxa2 45. a4 a1=Q
$19) 44... Bxf4) 39. Kd1 ({Inferior is} 39. Bb5 b3+ 40. Kd3 Qxb5+ $3 {[%mdl
512]} 41. Qxb5 bxa2 $17) 39... b3 ({Much weaker is} 39... Nxd5 $6 40. Bc4 $16)
40. axb3 ({Better is} 40. a3 $1 $14) 40... axb3 $11 41. Bb5 {[%csl Gb5][%cal
Rc6e8]} Kg8 42. Ke2 Kh7 43. Bd2 Qa7 44. Bc3 Qb8 (44... Kh8 $11 {remains equal.}
) 45. Kd3 (45. Ba6 $1 $16) 45... Qa7 $1 46. Kd2 Bh8 47. Kd3 Bg7 48. Ke2 Kg8 49.
Qe8+ {[%mdl 64] Double Attack} Kh7 50. Qf7 Qa8 51. Bc6 ({Not} 51. Qxe7 $2 Nxd5
52. Qxd6 Nxc3+ 53. bxc3 Qe4+ 54. Kd2 Qc2+ 55. Ke3 Qxc3+ 56. Ke2 Qc2+ 57. Ke3
Qc3+ 58. Bd3 b2 $19) 51... Qa6+ 52. Kf2 Qc4 53. Be8 Qxd5 54. Qxg6+ Kg8 55. Kg3
Qe4 (55... Qh1 $1 $11) 56. Qf7+ $16 Kh8 {Threatening ...Qe3+.} 57. Qh5+ Kg8 {
[#]} 58. Qf7+ (58. Bf7+ $1 $16 Kf8 59. Bxb3 Qe3+ 60. Kg2) 58... Kh8 $11 {
Black wants to play ...Qe3+.} 59. Qh5+ ({White should try} 59. Bb5 $11) 59...
Kg8 $16 {[#]} 60. Bf7+ $1 Kf8 61. Bxb3 {[%csl Gb3][%cal Rh5f7]} Qe3+ 62. Kg2 {
[%csl Gb3][%cal Rh5f7]} d5 63. Qf3 Bxd4 (63... Qc1 $16 64. Qf1 Qe3) 64. Qxe3
$18 Bxe3 $16 {[%mdl 4096] Endgame KBB-KBN} 65. Kf3 Bc5 66. Bc2 {Black must now
prevent b4.} e6 67. b4 Bg1 68. Bd3 Kf7 (68... Nc8 $16 {was necessary.}) 69. Bb5
(69. Bd2 $18) 69... Nc8 70. Be5 Bb6 71. Bd7 Ne7 72. Bd6 Ng6 73. Ke2 Bd8 74. Kf3
(74. Ke3 {seems wilder.} Bb6+ 75. Kf3 Nh4+ 76. Ke2 Ng2 77. Bb5) 74... Bb6 75.
Kg3 Bd8 76. Bc8 Ne7 77. Ba6 {White now steadily converts the win.} Nc6 (77...
Ng6 $16) 78. Be2 $18 Kg6 $2 (78... e5) 79. Kh4 Nd4 $2 (79... Ne7 80. Bh5+ Kg7)
80. Bh5+ {White is clearly winning.} Kh7 81. Be8 Ne2 82. Bb5 Nc3 83. Bd7 d4 84.
Be5 Ne4 85. Bxe6 Kg6 86. Bxd4 Bc7 87. Be3 Nc3 88. Bc4 Nd1 89. Bc1 Bb6 90. Kg3
Ne3 91. Bb3 Nf1+ 92. Kg2 Ne3+ 93. Kf3 Ng4 94. Ba4 Bd4 95. Be8+ Kg7 96. b5 {
Weighted Error Value: White=0.14/Black=0.16} 1-0

[Event "FIDE Chesscom Grand Swiss 2021"]
[Site "Riga"]
[Date "2021.11.01"]
[Round "6.31"]
[White "Jobava, Baadur"]
[Black "Moussard, Jules"]
[Result "1-0"]
[WhiteElo "2582"]
[BlackElo "2632"]
[Annotator "TA"]
[PlyCount "27"]
[EventDate "2021.10.27"]
[EventType "swiss"]
[EventCountry "LAT"]
[Tiebreak "Cut1 Buchholz+Sonneborn-Berger (Swiss)"]
[SourceTitle "playchess.com"]
[Source "ChessBase"]
[SourceQuality "1"]

{[%evp 9,27,8,9,18,18,-1,0,-25,-14,-28,-13,-8,-7,-5,228,237,334,320,447,443]} 
1. e4 e5 2. d4 exd4 3. Nf3 Bb4+ 4. Nbd2 {[#]} d5 $146 ({Predecessor:} 4... Nc6
5. Bd3 d6 6. O-O Bc5 7. a3 a6 8. Re1 Nge7 9. e5 dxe5 10. Nxe5 Nxe5 11. Rxe5 Bd6
{1/2-1/2 (27) Krawczyk,W (2212)-Lucki,S (2371) ICCF email 2018}) 5. Nxd4 Ne7 6.
c3 {C21: Danish Gambit.} Bc5 7. N2b3 Bb6 8. Bg5 {The position is equal.} O-O 9.
exd5 {[%mdl 64] Overworked Piece} Qxd5 10. Bxe7 Re8 11. Ne2 Qh5 {[#]} (11...
Qf5 $11 {and Black has nothing to worry.} 12. Bh4 Nc6) 12. Qd2 $1 $18 h6 {[#]}
(12... Nc6 {was worth a try.}) 13. O-O-O $1 Nc6 {[#]} (13... Qg4 14. Ng3) 14.
Nf4 $1 {Black got outplayed after the opening.  Weighted Error Value: White=0.
05/Black=0.63} 1-0

[Event "FIDE Chesscom Grand Swiss 2021"]
[Site "Riga"]
[Date "2021.11.01"]
[Round "6.32"]
[White "Shevchenko, Kirill"]
[Black "Kuybokarov, Temur"]
[Result "1-0"]
[WhiteElo "2632"]
[BlackElo "2549"]
[Annotator "TA"]
[PlyCount "151"]
[EventDate "2021.10.27"]
[EventType "swiss"]
[EventCountry "LAT"]
[Tiebreak "Cut1 Buchholz+Sonneborn-Berger (Swiss)"]
[SourceTitle "playchess.com"]
[Source "ChessBase"]
[SourceQuality "1"]

{[%evp 9,151,-20,-8,-14,-9,-9,-2,0,14,0,6,4,0,0,42,45,54,45,95,104,101,105,93,
65,67,76,74,42,46,41,89,85,95,85,91,60,58,57,57,48,86,47,47,38,48,42,56,70,141,
91,166,171,171,171,173,173,185,185,185,184,182,172,190,187,179,191,189,174,160,
179,175,169,225,225,224,218,194,217,191,216,222,161,163,0,228,226,224,193,181,
169,512,541,744,744,12841,12841,12842,12843,12844,12844,12845,12843,12846,
12843,12843,0,12844,12844,12845,0,12843,12843,12843,12843,12847,12847,12850,
27999,27999,27999,27999,27999,27990,27999,27991,27998,27992,27999,27993,27998,
27999,27997,27998,27998,27999,27999,27998,27998,27999,27999,27995,27999,27996,
27997]} 1. Nf3 d5 2. g3 g6 3. c4 dxc4 4. Na3 Nc6 5. Nxc4 Bg7 6. d3 {A09: Réti
Opening: 1 Nf3 d5 2 c4.} e5 7. Bd2 Nge7 8. b4 $5 {[%mdl 4] The position is
equal. A promising side line.} a6 9. Rc1 Be6 10. Bg2 O-O 11. O-O h6 12. a4 b5 {
[#]} 13. Na3 $146 ({Predecessor:} 13. axb5 axb5 14. Na5 Nxa5 15. bxa5 Nd5 16.
Rc5 Rb8 17. Qc1 Kh7 18. e4 Ne7 19. Bb4 {1-0 (35) Oparin,G (2654)-Frolyanov,D 
(2533) Bryansk 2021}) 13... Nd4 14. Nxd4 exd4 15. Bxa8 Qxa8 16. Re1 Bh3 {
[%csl Gh3][%cal Ra8g2]} 17. f3 c6 18. e4 {Hoping for Rc5.} dxe3 $1 19. Bxe3 Be6
20. Bc5 Re8 21. Nc2 Qd8 22. axb5 axb5 23. d4 Nf5 24. Qd3 Qd5 25. Rcd1 Ra8 26.
Ra1 Ra4 27. Kg2 Qd7 28. Ne3 Nd6 ({Better is} 28... Kh7 $14) 29. Qc2 Nb7 (29...
Rxa1 $16 30. Rxa1 Nc4) 30. Rxa4 $18 bxa4 31. Qxa4 Nxc5 32. bxc5 (32. dxc5 {
gets mated.} Qd2+ 33. Kh1 Qxe1+ 34. Kg2 Qe2+ 35. Kh1 Qxf3+ 36. Kg1 Qxe3+ 37.
Kg2 Qe2+ 38. Kg1 Bd4+ 39. Kh1 Qf3#) (32. Qa8+ Kh7 $11) 32... Qxd4 33. Qxd4 (33.
Qxc6 {leads to mate.} Qd2+ 34. Kh1 Qxe1+ 35. Kg2 Qe2+ 36. Kh1 Bh3 37. Qc8+ Bxc8
38. g4 Bd4 39. h4 Bxe3 40. h5 Qf1+ 41. Kh2 Bf4#) 33... Bxd4 {[%mdl 4096]
Endgame KRN-KB} 34. Ng4 Kg7 35. Rc1 Bd5 36. Nf2 g5 37. g4 h5 38. h3 f5 39. gxf5
Kf6 40. Rd1 Be3 (40... Be5 $142 41. Nd3 Bc3) 41. Rd3 Bf4 42. Ne4+ Kxf5 {[#]}
43. Nc3 $1 {[%cal Rc3d5]} Bc4 44. Rd4 Ba6 45. Rd8 Bc4 46. Rd4 (46. Re8 $142)
46... Ba6 $1 47. Ne4 Ke5 48. Rd8 Bc4 49. Kf2 Bd5 $2 {[#]} (49... Bf7 {is more
resistant.} 50. Rd6 g4 51. Rxc6 (51. hxg4 hxg4 52. Rxc6 gxf3 $16) 51... gxh3)
50. Nc3 $1 Be6 51. Ne2 Bxh3 52. Nxf4 Kxf4 {KR-KB} 53. Rd6 Ke5 54. Rxc6 Be6 55.
Rd6 Bd5 56. Kg3 Be6 57. Kf2 $2 ({White should play} 57. Rb6 $18 {aiming for c6.
} h4+ 58. Kf2) 57... h4 $2 {[%mdl 8192]} (57... Bd5 $11 58. Rh6 Bb7) 58. Rb6
Kd5 59. Rd6+ Ke5 60. Rd8 Bd5 61. Rh8 Kd4 62. Rh5 Kxc5 63. Rxg5 Kd4 {White
mates.} 64. Rh5 Be6 65. Rxh4+ Ke5 66. Ke3 Bd7 67. Rc4 Bf5 68. Rc5+ Kf6 69. Kf4
Bd7 70. Rd5 Bc8 71. Rd6+ Kf7 72. Ke5 Bh3 73. f4 Ke7 74. Rh6 Bf1 75. Rh7+ Kf8
76. Ke4 {Weighted Error Value: White=0.27/Black=0.19} 1-0

[Event "FIDE Chesscom Grand Swiss 2021"]
[Site "Riga"]
[Date "2021.11.01"]
[Round "6.33"]
[White "Van Foreest, Jorden"]
[Black "Ivic, Velimir"]
[Result "1/2-1/2"]
[WhiteElo "2691"]
[BlackElo "2606"]
[Annotator "TA"]
[PlyCount "69"]
[EventDate "2021.10.27"]
[EventType "swiss"]
[EventCountry "LAT"]
[Tiebreak "Cut1 Buchholz+Sonneborn-Berger (Swiss)"]
[SourceTitle "playchess.com"]
[Source "ChessBase"]
[SourceQuality "1"]

{[%evp 9,69,27,25,0,0,0,33,19,31,17,47,49,47,12,7,4,0,7,11,0,0,-20,-11,-8,-16,
-31,10,0,0,0,0,0,0,0,0,0,32,7,12,4,4,0,0,0,47,12,12,11,11,11,18,0,0,0,0,0,0,0,
0,0,0,0]} 1. Nf3 Nf6 2. c4 g6 3. Nc3 d5 4. cxd5 Nxd5 5. h4 Bg7 6. h5 {A16:
English Opening: 1...Nf6 with ...d5.} Nc6 7. g3 Nxc3 (7... Bf5 $5 {[%cal Rc6b4]
} 8. Bg2 Ncb4 $11) 8. bxc3 {White is slightly better.} e5 {[#]} 9. Qc2 $146 ({
Predecessor:} 9. Bg2 e4 10. Nd4 Nxd4 11. cxd4 O-O 12. e3 Re8 13. Rb1 b6 14.
hxg6 hxg6 15. O-O {0-1 (42) Dill,X (2110)-Sorokin,A (2425) Prague 2016}) 9...
Bf5 10. d3 Qe7 {[#] White must now prevent ...e4.} 11. Ng5 (11. Bg5 {is
interesting.} f6 12. Be3 Bd7 13. h6 Bf8 14. Bg2) 11... Bf6 12. Ne4 Bxe4 13.
dxe4 O-O 14. a4 {aiming for Ba3.} Rfd8 15. Bh3 Qc5 16. Kf1 Qc4 17. Kg2 Nb4 18.
Qb1 Na6 19. Be3 Nc5 20. Bxc5 Qxc5 21. Qb3 Qc6 22. Bg4 Bg7 (22... Rd6 {with
more complications.} 23. Bf3 Rad8 24. hxg6 hxg6 25. a5 b6) 23. a5 b5 (23... Rd2
{feels hotter.} 24. Ra4 b5 25. axb6 axb6 26. Rc4 Qb7) 24. axb6 axb6 25. Rxa8
Qxa8 26. Qc4 c6 (26... Qb7 {is more complex.} 27. Rb1 Bf8 28. Bf3 c6 29. Ra1
Rd2) 27. Qb4 Qa7 {The position is equal.} 28. Qb2 b5 29. Ra1 Qc5 30. Qb3 Bf8
31. Ra6 Kg7 32. Ra1 Be7 33. Ra6 Bf8 34. Ra2 Be7 35. Ra6 {Weighted Error Value:
White=0.08/Black=0.06} 1/2-1/2

[Event "FIDE Chesscom Grand Swiss 2021"]
[Site "Riga"]
[Date "2021.11.01"]
[Round "6.34"]
[White "Martirosyan, Haik M."]
[Black "Svidler, Peter"]
[Result "1/2-1/2"]
[WhiteElo "2624"]
[BlackElo "2694"]
[Annotator "TA"]
[PlyCount "60"]
[EventDate "2021.10.27"]
[EventType "swiss"]
[EventCountry "LAT"]
[Tiebreak "Cut1 Buchholz+Sonneborn-Berger (Swiss)"]
[SourceTitle "playchess.com"]
[Source "ChessBase"]
[SourceQuality "1"]

{[%evp 9,60,5,2,0,0,0,0,0,17,-4,0,-10,-7,-10,-13,-8,-5,-8,-18,-18,-5,-41,-29,
-47,-42,-23,-15,-33,0,0,0,-8,-8,-8,-8,-8,-8,-11,-2,-7,0,-8,-4,-8,0,0,0,0,0,-8,
-8,-8,-8]} 1. c4 g6 2. Nc3 c5 3. g3 Bg7 4. Bg2 Nc6 5. d3 Nf6 6. e3 {A36:
Symmetrical English vs ...g6: 4 Bg2 Bg7.} e6 7. Nge2 O-O 8. O-O b6 9. a3 Bb7
10. b4 {[#]} d5 $146 ({Predecessor:} 10... Rb8 11. Rb1 d6 12. b5 Ne7 13. Bxb7
Rxb7 14. Bb2 Rd7 15. Qc2 Qa8 16. e4 d5 {1/2-1/2 (34) James,G (2144)-Vogt,L 
(2362) Rhodes 2019}) 11. bxc5 dxc4 12. dxc4 Qe7 13. cxb6 axb6 14. Rb1 Rfd8 15.
Qc2 Ne5 16. Rxb6 Bxg2 17. Kxg2 Nxc4 (17... Qc5 {looks sharper.} 18. Rb5 Qc6+
19. f3 Nxc4 20. Nd4 Qc7) 18. Rb3 Nxa3 (18... Qc5 {with more complications.} 19.
Rd1 Qc6+ 20. f3 Nd5 21. Nxd5 Rxd5 22. Kf2 Rc5) 19. Bxa3 {The position is equal.
} Rxa3 20. Rd1 Rxb3 21. Qxb3 Rxd1 22. Qxd1 Qb7+ 23. Kg1 {[#] Qd8+ is the
strong threat.} Qc7 24. Qa4 Bf8 (24... h6 {keeps more tension.} 25. Qa8+ Kh7
26. Qf3 Qc4 27. Qb7 Kg8) 25. Qf4 Qxf4 (25... Qe7 {is more complex.} 26. Qf3 Kg7
27. Qc6 Qc5 28. Qxc5 Bxc5 29. Nf4 Nd7) 26. Nxf4 Bd6 27. Nd3 Kg7 28. Kg2 Nd7 29.
Kf3 Ne5+ 30. Nxe5 Bxe5 {Weighted Error Value: White=0.06/Black=0.04} 1/2-1/2

[Event "FIDE Chesscom Grand Swiss 2021"]
[Site "Riga"]
[Date "2021.11.01"]
[Round "6.35"]
[White "Matlakov, Maxim"]
[Black "Antipov, Mikhail Al."]
[Result "1/2-1/2"]
[WhiteElo "2682"]
[BlackElo "2619"]
[Annotator "TA"]
[PlyCount "60"]
[EventDate "2021.10.27"]
[EventType "swiss"]
[EventCountry "LAT"]
[Tiebreak "Cut1 Buchholz+Sonneborn-Berger (Swiss)"]
[SourceTitle "playchess.com"]
[Source "ChessBase"]
[SourceQuality "1"]

{[%evp 18,60,15,8,22,14,0,0,0,9,25,0,0,0,0,0,0,0,26,17,19,7,13,0,0,0,0,0,0,0,7,
3,15,25,19,-4,3,2,3,3,3,2,2,2,2]} 1. d4 Nf6 2. c4 g6 3. Nf3 Bg7 4. g3 c6 5. Nc3
d5 6. Qb3 dxc4 7. Qxc4 O-O 8. Bg2 Bf5 9. O-O Nbd7 {[%cal Bb8d7,Bd7b6,Bb6c4]
[%mdl 32]} 10. Re1 Ne4 {D78: Fianchetto Grünfeld: 6 0-0 c6.} 11. Qb3 Qa5 {
11...Qb6 is the fancy move.} 12. Bf4 Nb6 {[#]} 13. a4 $146 ({Predecessor:} 13.
Rec1 Rfd8 14. e3 Be6 15. Qc2 Nxc3 16. bxc3 c5 17. Ng5 Bd5 18. e4 Bc4 19. Nf3
cxd4 20. cxd4 {1/2-1/2 (33) Wojtaszek,R (2698)-Shankland,S (2720) Struga 2021})
13... Rac8 14. Red1 Nxc3 15. Qxc3 Qxc3 16. bxc3 Rfd8 17. a5 Nc4 18. Rdc1 h6 19.
h4 c5 20. e3 Be4 21. g4 Rc6 22. Ne5 Bxg2 23. Kxg2 Nxe5 24. dxe5 c4 25. Rab1 Rd7
26. Rb4 {The position is equal.} Rc5 27. Rcb1 Bxe5 28. Bxe5 Rxe5 29. Rxb7 Rxb7
30. Rxb7 Rxa5 {A rather calm draw.  Weighted Error Value: White=0.06/Black=0.03
} 1/2-1/2

[Event "FIDE Chesscom Grand Swiss 2021"]
[Site "Riga"]
[Date "2021.11.01"]
[Round "6.36"]
[White "Ter-Sahakyan, Samvel"]
[Black "Gelfand, Boris"]
[Result "1-0"]
[WhiteElo "2607"]
[BlackElo "2680"]
[Annotator "TA"]
[PlyCount "86"]
[EventDate "2021.10.27"]
[EventType "swiss"]
[EventCountry "LAT"]
[Tiebreak "Cut1 Buchholz+Sonneborn-Berger (Swiss)"]
[SourceTitle "playchess.com"]
[Source "ChessBase"]
[SourceQuality "1"]

{[%evp 14,86,29,27,26,29,38,10,43,45,49,47,51,16,20,2,58,41,25,28,20,12,53,37,
45,53,53,56,46,46,37,53,84,83,59,62,81,51,100,106,242,227,233,233,242,238,184,
206,248,229,326,321,315,298,431,420,407,358,765,426,386,412,947,600,950,941,
1407,1291,2261,1937,2756,2620,29988,29988,29989]} 1. e4 c5 2. Nf3 d6 3. d4 cxd4
4. Nxd4 Nf6 5. Nc3 Nc6 6. Bc4 Qb6 7. Nb3 e6 8. Bf4 (8. O-O {seems wilder.} a6
9. a3 Qc7 10. f4 b5 11. Bd3) 8... Qd8 {[#] B57: Classical Sicilian: Sozin with
6...Qb6.} 9. Be2 $146 ({Predecessor:} 9. Qe2 a6 10. a4 Be7 11. Rd1 Qc7 12. O-O
O-O 13. Bg5 Bd7 14. f4 h6 15. Bh4 Rac8 16. Bd3 {0-1 (60) El Homsy,I-Guadalpi,D
(2240) Paris 1992}) 9... a6 10. a4 b6 {The position is equal.} 11. Qd2 Be7 12.
O-O-O {[%cal Rf4d6]} Ne5 13. Bg3 Bb7 14. f4 Nc6 ({Better is} 14... Ned7 $11)
15. e5 dxe5 16. fxe5 Nd7 17. Bf3 Bg5 18. Bf4 Bxf4 19. Qxf4 {Black must now
prevent Ne4.} O-O 20. Rd6 Qc7 21. Bxc6 Bxc6 22. Rhd1 Nc5 23. Nxc5 bxc5 {
[%cal Bb6c5,Bc5c4][%mdl 32]} 24. R1d3 $36 {[%mdl 2048] White has good play.}
Rad8 25. Qe3 c4 26. Rxd8 Rxd8 {[#] A mistake that costs the game.} (26... cxd3
$16 27. Rxf8+ (27. Rxd3 Bxg2 28. Rd6 Rb8 $11) 27... Kxf8) 27. Qa7 $1 $18 {
[%cal Ra7c7][%mdl 512]} Qc8 (27... Qb8 28. Rxd8+) 28. Rxd8+ {[%mdl 64]
Overworked Piece} Qxd8 29. Qxa6 Bxg2 30. Qxc4 h5 31. Qf4 h4 (31... Ba8 $142 32.
b4 f5 33. exf6 Qxf6) 32. b4 h3 33. a5 Qb8 (33... Qc7 $142) 34. Ne4 f6 35. Nd6
Qc7 $2 {[#]} (35... f5 36. Qc4 Bd5) 36. Kb2 f5 37. Qe3 Be4 (37... Qc6 $142 38.
Qb3 Bd5) 38. c4 Bg2 39. a6 Qe7 40. b5 {[%cal Bb4b5,Bb5b6,Bb6b7][%mdl 32]} Qh4
41. b6 f4 42. Qd2 Qh5 43. b7 Qxe5+ {Weighted Error Value: White=0.35/Black=0.55
} 1-0

[Event "FIDE Chesscom Grand Swiss 2021"]
[Site "Riga"]
[Date "2021.11.01"]
[Round "6.37"]
[White "Mamedov, Rauf"]
[Black "Ganguly, Surya Shekhar"]
[Result "1/2-1/2"]
[WhiteElo "2673"]
[BlackElo "2617"]
[Annotator "TA"]
[PlyCount "66"]
[EventDate "2021.10.27"]
[EventType "swiss"]
[EventCountry "LAT"]
[Tiebreak "Cut1 Buchholz+Sonneborn-Berger (Swiss)"]
[SourceTitle "playchess.com"]
[Source "ChessBase"]
[SourceQuality "1"]

{[%evp 11,66,18,30,0,0,0,9,3,11,16,13,0,14,0,0,0,0,-9,0,-23,-24,-25,0,0,0,0,0,
0,0,0,-6,0,14,14,24,20,14,-34,30,0,4,0,0,5,1,0,33,0,0,0,0,0,0,0,0,0,0]} 1. e4
e5 2. Nf3 Nc6 3. Bc4 Nf6 4. d3 Bc5 5. c3 d6 6. Nbd2 {[%cal Bb1d2,Bd2f1,Bf1g3]
[%mdl 32]} O-O {6...a5 is the recent fashion.} 7. h3 {C54: Giuoco Piano: 4 c3
Nf6, main lines with 5 d4 and 5 d3.} a5 8. O-O Be6 9. Bb5 Ba7 10. Re1 Ne7 11.
Nf1 c6 12. Ba4 Ng6 13. Ng3 d5 14. exd5 Nxd5 15. d4 (15. Bb3 {feels hotter.} Qc7
16. Ng5 Bd7 17. Nh5 h6 18. Nf3) 15... exd4 16. Nxd4 {[#]} Bxd4 $146 ({
Predecessor:} 16... Qc7 17. Qf3 Bxd4 18. cxd4 Qb6 19. Rd1 Rad8 20. Bb3 Nc7 21.
Nf5 Bxb3 22. axb3 Qb5 {1/2-1/2 (51) Duda,J (2743)-Carlsen,M (2862) Wijk aan
Zee 2021}) 17. Qxd4 Ndf4 18. Qxd8 Rfxd8 19. Bc2 Nd3 20. Bxd3 Rxd3 21. Be3 Rd7
22. Ne4 Bd5 23. Nc5 Re7 24. b3 f6 (24... Nh4 $15 25. Bd2 Rxe1+ 26. Bxe1 Nxg2)
25. c4 Bf7 26. Red1 b5 27. cxb5 cxb5 28. Rd6 Rc8 29. Rad1 h5 {Strongly
threatening ...Rxe3!The position is equal.} 30. Rd8+ Rxd8 31. Rxd8+ Re8 $1 {
[%cal Re8d8]} 32. Rd7 Nh4 33. a3 Nf5 {Not much happened in this game. 
Weighted Error Value: White=0.08/Black=0.07} 1/2-1/2

[Event "FIDE Chesscom Grand Swiss 2021"]
[Site "Riga"]
[Date "2021.11.01"]
[Round "6.38"]
[White "Zvjaginsev, Vadim"]
[Black "Cori, Jorge"]
[Result "1/2-1/2"]
[WhiteElo "2609"]
[BlackElo "2655"]
[Annotator "TA"]
[PlyCount "62"]
[EventDate "2021.10.27"]
[EventType "swiss"]
[EventCountry "LAT"]
[Tiebreak "Cut1 Buchholz+Sonneborn-Berger (Swiss)"]
[SourceTitle "playchess.com"]
[Source "ChessBase"]
[SourceQuality "1"]

{[%evp 9,62,8,18,0,5,-1,0,-21,0,-29,24,22,24,29,36,31,33,-4,0,0,0,-20,-3,-37,
-35,-41,0,0,0,0,0,0,35,42,58,44,90,53,23,14,47,50,54,37,30,30,23,8,9,0,10,0,13,
0,39]} 1. e4 c6 2. d4 d5 3. e5 Bf5 4. Be3 e6 5. Nd2 Nd7 6. g4 {B12: Caro-Kann:
Advance Variation.} Bg6 7. Ne2 f6 8. f4 Nh6 9. h3 fxe5 (9... Qb6 $142) 10. fxe5
$11 {[#]} Be7 $146 {[#] And now ...Bh4+ would win.} ({Predecessor:} 10... Qb6
11. Nf4 c5 12. c3 Bf7 13. b4 c4 14. Nf3 a5 15. Qa4 Qd8 16. b5 Nb6 {1/2-1/2 (23)
Zvjaginsev,V (2674)-Riazantsev,A (2632) Ramenskoe 2006}) 11. Nf4 O-O 12. Nxg6 (
{Of course not} 12. Nxe6 Bh4+ 13. Ke2 Qb6 $17) 12... hxg6 13. Qe2 Bh4+ 14. Kd1
c5 15. dxc5 Rc8 16. Nb3 Nf7 17. Bd4 Ng5 {[#] Threatens to win with ...Ne4.} 18.
Bg2 Ne4 19. Bxe4 dxe4 20. Kc1 $1 Qg5+ 21. Kb1 Qf4 22. a3 Qf3 23. Qxf3 (23. Rh2
{is interesting.} Be7 24. Qe1 Qf1 25. Ka2 Qc4 26. Qe2) 23... exf3 24. Rf1 Be7 {
[%cal Re7c5]} 25. Ka2 Bxc5 26. Nxc5 Nxc5 27. Rae1 Rf4 28. Be3 Rf7 {The
position is equal.} 29. Bd4 Rf4 30. Be3 Rf7 31. Bd4 Rf4 {Weighted Error Value:
White=0.10/Black=0.12} 1/2-1/2

[Event "FIDE Chesscom Grand Swiss 2021"]
[Site "Riga"]
[Date "2021.11.01"]
[Round "6.39"]
[White "Sethuraman, S.P.."]
[Black "Demchenko, Anton"]
[Result "0-1"]
[WhiteElo "2620"]
[BlackElo "2651"]
[Annotator "TA"]
[PlyCount "74"]
[EventDate "2021.10.27"]
[EventType "swiss"]
[EventCountry "LAT"]
[Tiebreak "Cut1 Buchholz+Sonneborn-Berger (Swiss)"]
[SourceTitle "playchess.com"]
[Source "ChessBase"]
[SourceQuality "1"]

{[%evp 33,74,2,8,12,33,28,43,41,32,37,40,41,37,0,0,0,17,0,0,0,0,0,0,0,0,-81,
-60,-83,-81,-98,-91,-137,-135,-145,-141,-135,-133,-1043,-1036,-993,-964,-1391,
-986]} 1. e4 e5 2. Nf3 Nc6 3. Bb5 a6 4. Ba4 Nf6 5. O-O Be7 6. Re1 b5 7. Bb3 d6
8. c3 O-O 9. d4 Bg4 10. Be3 Bh5 11. h3 exd4 12. cxd4 Na5 13. Bc2 Nc4 14. Bc1 c5
15. b3 {[%cal Bb2b3,Bb3a4,Ba4a5][%mdl 32]} Nb6 16. Nbd2 Nfd7 17. Bb2 Re8 18. a4
{C91: Closed Ruy Lopez: 7...d6 8 c3 0-0 9 d4.} bxa4 19. bxa4 Rb8 20. Ra2 {
White is slightly better.} cxd4 {[#]} 21. a5 $146 ({Predecessor:} 21. g4 d3 22.
Bxd3 Nc5 23. Bc2 Bg6 24. Nd4 Qc7 25. f4 h6 26. Nf5 {1/2-1/2 (26) Van der Wiel,
J (2487)-Van den Doel,E (2587) Leiden 2007}) 21... d3 22. Bxd3 Nc5 23. Bc2 ({
Much worse is} 23. axb6 Nxd3 24. Re3 Nxb2 $15) 23... Nbd7 24. Nc4 Nf6 25. g4
Bg6 {[%cal Rf6e4]} 26. Bxf6 Bxf6 27. Nxd6 Re6 {[%cal Re6d6]} 28. e5 Bxe5 $1 29.
Bxg6 (29. Rxe5 $11 {keeps the balance.} Rxd6 30. Re8+ Qxe8 31. Qxd6) 29... Bxd6
$17 ({But not} 29... fxg6 $6 30. Rxe5 Rxd6 31. Re8+ $1 Qxe8 32. Qxd6 $11) 30.
Bc2 Rxe1+ 31. Qxe1 g6 32. Qe3 {[#]} Ne6 $1 33. Bb3 Bf4 34. Qc3 Rc8 $36 {
[%cal Bb8c8,Bc8c1,Bc1c3][%mdl 2080] White is under strong pressure.} 35. Qb2 {
[%mdl 8192]} (35. Bc4 $17) 35... Rc1+ $19 {Black is clearly winning.} 36. Kg2
Qd3 {[%csl Gc1][%cal Rd3f1]} 37. Nh2 Rc3 {Weighted Error Value: White=0.62/
Black=0.02} 0-1